[Event "Elit(Burgsvik-Eksjo)"]
[Site "?"]
[Date "2013.11.24"]
[Round "3"]
[White "Ornstein, Axel"]
[Black "Andersson, Bjorn"]
[Result "1-0"]
[WhiteElo "2329"]
[BlackElo "2304"]
[PlyCount "129"]

1. c4 c5 2. Nf3 Nc6 3. d4 cxd4 4. Nxd4 g6 5. e4 Bg7 6. Be3 Nf6 7. Nc3 O-O 8.
Be2 d6 9. O-O Bd7 10. Nc2 Qa5 11. f3 Rfc8 12. Qd2 Qd8 13. Rac1 h5 14. Rfd1 b6
15. b3 Kh7 16. Bg5 Qh8 17. Nd5 Be6 18. b4 Ng8 19. b5 Bxd5 20. exd5 Bc3 21. Qf4
Ne5 22. Qh4 f6 23. Bd2 Bxd2 24. Rxd2 f5 25. Nd4 Nf6 26. f4 Ned7 27. Bf3 Nc5 28.
Re1 Rc7 29. Ne6 Nxe6 30. Rxe6 Rf8 31. Rde2 Rf7 32. h3 Kg7 33. R2e3 Kf8 34. Be2
Ne4 35. R3xe4 fxe4 36. Rxg6 Rg7 37. Re6 Qg8 38. Bf1 Qh7 39. Qe1 Qf5 40. Qe3 Ke8
41. Rxe4 Kd7 42. Bd3 Qf6 43. Kh2 Qb2 44. Qf3 h4 45. Re2 Qf6 46. Re6 Qf7 47. f5
Rg3 48. Qe4 Kc8 49. Rh6 Qg7 50. Rxh4 Kb7 51. a4 Qg5 52. Bf1 Ra3 53. Qf4 Qg7 54.
Rh6 Ra1 55. f6 exf6 56. Rxf6 Rd7 57. Be2 Rxa4 58. Bg4 Rc7 59. Qxd6 Raxc4 60.
Bf3 Rf7 61. Rg6 Qb2 62. Rg8 Qxb5 63. Be2 Qc5 64. Rb8+ Ka6 65. Qxc5 1-0

[Event "Elit(Burgsvik-Eksjo)"]
[Site "?"]
[Date "2013.11.24"]
[Round "3"]
[White "Larsson, Victor"]
[Black "Malesevic, Nedeljko"]
[Result "1-0"]
[WhiteElo "2239"]
[BlackElo "2340"]
[PlyCount "109"]
[EventDate "2013.??.??"]

1. d4 d5 2. c4 e6 3. Nc3 Nf6 4. Bg5 Be7 5. Nf3 O-O 6. e3 c6 7. Qc2 Ne4 8. Bxe7
Qxe7 9. Nxe4 dxe4 10. Qxe4 Qb4+ 11. Nd2 Qxb2 12. Rb1 Qxa2 13. Bd3 f5 14. Qf4
Qa5 15. g4 c5 16. d5 Qc3 17. Be2 e5 18. Qg3 f4 19. exf4 Qxg3 20. hxg3 exf4 21.
Bd3 g6 22. Ne4 fxg3 23. fxg3 Nd7 24. g5 b6 25. Be2 Kg7 26. Kd2 Ne5 27. Nf6 Rh8
28. Rbe1 Nf7 29. Bd1 Ba6 30. Re7 Bxc4 31. Kc3 Bb5 32. Bg4 Kf8 33. Rhe1 Nxg5 34.
Bd7 a6 35. Bxb5 axb5 36. Nd7+ Kg8 37. Nf6+ Kf8 38. d6 Nf7 39. Nd7+ Kg8 40. Nxb6
Ra3+ 41. Kb2 Rd3 42. d7 Kg7 43. Rf1 Rf8 44. g4 h6 45. Na8 Rxa8 46. Rfxf7+ Kg8
47. Rg7+ Kh8 48. Rxg6 Rd2+ 49. Kb1 Rd1+ 50. Kb2 Rd2+ 51. Kc1 Raa2 52. Ra6 Rdc2+
53. Kd1 Rd2+ 54. Ke1 Rxd7 55. Re8+ 1-0

[Event "Elit(Limhamn-Upsala)"]
[Site "?"]
[Date "2013.11.24"]
[Round "3"]
[White "Glimbrant, Torbjorn"]
[Black "Schneider, Stefan"]
[Result "1/2-1/2"]
[WhiteElo "2336"]
[BlackElo "2409"]
[PlyCount "56"]
[SourceDate "2013.12.04"]

1. Nf3 Nf6 2. c4 c6 3. d4 d5 4. Nc3 a6 5. c5 Bf5 6. Qb3 Ra7 7. Bf4 Nbd7 8. h3
h6 9. e3 e6 10. Be2 Be7 11. Ne5 O-O 12. O-O Nxe5 13. Bxe5 Nd7 14. Bg3 e5 15.
Rad1 e4 16. Rb1 Be6 17. Qd1 f5 18. b4 g5 19. f4 exf3 20. Bxf3 Nf6 21. a4 Qd7
22. b5 axb5 23. axb5 Ra3 24. Rb3 Rfa8 25. Rxa3 Rxa3 26. Qc1 Ra8 27. bxc6 bxc6
28. Be5 Rf8 1/2-1/2

[Event "Elit(Limhamn-Upsala)"]
[Site "?"]
[Date "2013.11.24"]
[Round "3"]
[White "Johansson, Linus"]
[Black "Johansson, Jan"]
[Result "1/2-1/2"]
[WhiteElo "2403"]
[BlackElo "2409"]
[PlyCount "59"]

1. d4 g6 2. Nf3 Bg7 3. g3 d6 4. Bg2 Nd7 5. O-O e5 6. e4 Ne7 7. Nc3 O-O 8. Bg5
h6 9. Be3 Nc6 10. Qd2 Kh7 11. Rad1 Nb6 12. Qd3 Bg4 13. d5 Ne7 14. h3 Bxf3 15.
Bxf3 f5 16. Ne2 Nd7 17. Bg2 Nf6 18. c4 Nxe4 19. Bxe4 fxe4 20. Qxe4 Qd7 21. Kg2
Nf5 22. Nc3 b6 23. b4 a5 24. b5 Rf7 25. Rfe1 Raf8 26. Qd3 Qd8 27. Ne4 Qd7 28.
Nc3 Qd8 29. Ne4 Qd7 30. Nc3 1/2-1/2

[Event "Elit(Limhamn-Upsala)"]
[Site "?"]
[Date "2013.11.24"]
[Round "3"]
[White "Burwick, Malte"]
[Black "Brynell, Stellan"]
[Result "0-1"]
[WhiteElo "2300"]
[BlackElo "2569"]
[PlyCount "142"]

1. Nf3 Nf6 2. g3 d5 3. Bg2 c6 4. O-O Bg4 5. d4 e6 6. Nbd2 Be7 7. c4 Nbd7 8. b3
O-O 9. Bb2 h6 10. a3 a5 11. Rc1 Bf5 12. Ne5 Qb6 13. c5 Qc7 14. Ndf3 Be4 15. Bh3
Bh7 16. b4 Ne4 17. Nxd7 Qxd7 18. Ne5 Qc7 19. f3 Ng5 20. Bg2 f6 21. Nd3 Bxd3 22.
Qxd3 axb4 23. axb4 f5 24. Ra1 Bf6 25. Bc3 f4 26. gxf4 Qxf4 27. e3 Qf5 28. Qxf5
exf5 29. Rxa8 Rxa8 30. Ra1 Rxa1+ 31. Bxa1 f4 32. Kf2 fxe3+ 33. Kxe3 Kf7 34. Bc3
Ne6 35. Bh3 Bg5+ 36. Kf2 Bf4 37. Bf1 Bxh2 38. b5 Ke7 39. bxc6 bxc6 40. Ba6 Kd7
41. Bd3 Ke7 42. Bg6 Bf4 43. Bh5 Bg5 44. Bg6 Nf4 45. Bf5 Ne6 46. Bg6 Nc7 47. Ke2
Kf6 48. Bc2 Nb5 49. Kd3 Bf4 50. Ba5 Ke7 51. Bd1 Bh2 52. Bc3 Kf6 53. Be2 Nc7 54.
Ba5 Ne6 55. Bd1 Bg1 56. Ba4 Bxd4 57. Bxc6 Ke5 58. Bb6 Bxc5 59. Ba5 Bf2 60. Bc3+
d4 61. Bd2 Nf4+ 62. Kc4 Be3 63. Ba5 Ne6 64. Be8 Kf4 65. Bh5 Kg3 66. Bg4 Ng5 67.
Bc7+ Bf4 68. Bb6 Nxf3 69. Be6 Be3 70. Kd3 Kf2 71. Bc8 h5 0-1

[Event "Elit(Limhamn-Upsala)"]
[Site "?"]
[Date "2013.11.24"]
[Round "3"]
[White "Jepson, Christian"]
[Black "Andersson, Fredrik"]
[Result "1/2-1/2"]
[WhiteElo "2463"]
[BlackElo "2344"]
[PlyCount "56"]

1. d4 Nf6 2. c4 g6 3. Nc3 d5 4. Nf3 Bg7 5. cxd5 Nxd5 6. e4 Nxc3 7. bxc3 c5 8.
Be3 Qa5 9. Nd2 cxd4 10. Nc4 Qd8 11. cxd4 O-O 12. Be2 Nc6 13. d5 Nb4 14. Bd2
Bxa1 15. Bxb4 Bg7 16. O-O Bd7 17. Qb3 Bb5 18. a4 Bxc4 19. Bxc4 Rc8 20. Rd1 Be5
21. d6 exd6 22. g3 Qc7 23. Bd5 a5 24. Bd2 Qc2 25. Bxa5 Qxb3 26. Bxb3 Rfe8 27.
Bb6 Bb2 28. Rxd6 Rc6 1/2-1/2

[Event "Elit(Limhamn-Upsala)"]
[Site "?"]
[Date "2013.11.24"]
[Round "3"]
[White "Malm Lindberg, Henrik"]
[Black "Lindgren, Philip"]
[Result "0-1"]
[WhiteElo "2292"]
[BlackElo "2393"]
[PlyCount "100"]
[SourceDate "2013.12.04"]

1. e4 c6 2. d4 d5 3. exd5 cxd5 4. c4 Nf6 5. Nc3 e6 6. Nf3 Bb4 7. Bd3 dxc4 8.
Bxc4 O-O 9. O-O b6 10. Bg5 Bb7 11. Qe2 Bxc3 12. bxc3 Nbd7 13. Bd3 Qc7 14. c4 h6
15. Bc1 Ng4 16. g3 Rfe8 17. Be4 Bxe4 18. Qxe4 Ngf6 19. Qe2 Rac8 20. Nd2 e5 21.
d5 b5 22. cxb5 Nxd5 23. a4 e4 24. Bb2 e3 25. fxe3 Nxe3 26. Rf3 Ng4 27. Qf1 Qc5+
28. Kh1 Qd5 29. Qg2 Rc2 30. Bc3 Ne3 31. Rxe3 Qxg2+ 32. Kxg2 Rxe3 33. Bb4 Rxd2+
34. Bxd2 Re2+ 35. Kf3 Rxd2 36. Rc1 Ra2 37. Rc7 Nb6 38. Rxa7 Rxa4 39. Ra6 Rxa6
40. bxa6 Kf8 41. a7 Ke7 42. Ke4 Ke6 43. h4 g6 44. g4 f5+ 45. gxf5+ gxf5+ 46.
Kd4 Kd6 47. h5 Na8 48. Kc4 Nc7 49. Kd3 Kd5 50. Ke3 Ke5 0-1

[Event "Elit(Limhamn-Upsala)"]
[Site "?"]
[Date "2013.11.24"]
[Round "3"]
[White "Mansson, Lars"]
[Black "Marttala, Thomas"]
[Result "1/2-1/2"]
[WhiteElo "2267"]
[BlackElo "2233"]
[PlyCount "85"]

1. e4 e5 2. Nf3 Nc6 3. Nc3 Nf6 4. Bc4 Bb4 5. O-O O-O 6. d3 d6 7. Bg5 Bxc3 8.
bxc3 Qe7 9. Re1 Nd8 10. d4 Ne6 11. Bc1 a6 12. Bd3 Nd7 13. a4 Qf6 14. Be3 h6 15.
Kh1 Re8 16. g3 Ndf8 17. d5 Ng5 18. Nxg5 hxg5 19. f3 Qg6 20. g4 Qf6 21. c4 Ng6
22. c5 Nf4 23. Bf1 dxc5 24. Bxc5 a5 25. c4 b6 26. Bg1 Rd8 27. Rc1 c5 28. Rb1
Rd6 29. Qc2 g6 30. Rb2 Kg7 31. Reb1 Bd7 32. Bf2 Qd8 33. Be1 Ra6 34. Bc3 Qe8 35.
Ra1 f6 36. Rba2 Kf7 37. Be2 Qh8 38. Bf1 Qe8 39. Rb1 Qd8 40. Qb2 Qe8 41. Rba1
Qh8 42. Qc2 Qe8 43. Qb2 1/2-1/2

[Event "Elit(Limhamn-Upsala)"]
[Site "?"]
[Date "2013.11.24"]
[Round "3"]
[White "Mansson, Peter"]
[Black "Johansson, Carl Fredrik"]
[Result "1-0"]
[WhiteElo "2235"]
[BlackElo "2225"]
[PlyCount "149"]

1. e4 c5 2. Nf3 d6 3. d4 cxd4 4. Nxd4 Nf6 5. Nc3 g6 6. Be3 Bg7 7. Be2 Nc6 8. f4
O-O 9. Nb3 Be6 10. g4 d5 11. f5 Bc8 12. exd5 Nb4 13. Bf3 gxf5 14. a3 fxg4 15.
Bg2 Nbxd5 16. Nxd5 Nxd5 17. Bxd5 Bxb2 18. O-O Qd6 19. Bc5 Qh6 20. Rb1 Bf6 21.
Qe2 Qg5 22. Rbd1 g3 23. hxg3 Qxg3+ 24. Qg2 Qxg2+ 25. Kxg2 Bg4 26. Rd3 Rfd8 27.
Bxb7 Rxd3 28. cxd3 Rb8 29. Bd5 Be2 30. Rf2 Bxd3 31. Bxa7 Rd8 32. Bf3 Bc4 33.
Rd2 Rc8 34. Nc5 e6 35. Bb7 Rd8 36. Rxd8+ Bxd8 37. Nd7 Bb5 38. Nc5 Be7 39. Kf3
h5 40. Be4 Bd6 41. Kg2 Kf8 42. a4 Bc4 43. a5 Ke8 44. Bb6 Bxc5 45. Bxc5 Kd7 46.
Kg3 Kc7 47. Bf3 Bd5 48. Bxh5 f5 49. Kf4 Kb7 50. Be2 Kc6 51. Bb4 Kc7 52. Ke5 Kc6
53. Bc3 Kc7 54. Bd4 Kc6 55. Bb6 Kd7 56. Bb5+ Bc6 57. Bc4 Bd5 58. Be2 Kc6 59.
Bh5 Kd7 60. Bd4 Bc4 61. Bb6 Bd5 62. Be3 Bc4 63. Kd4 Bd5 64. Kc5 Kc7 65. Be2 Kb7
66. Kd6 Kc8 67. Bf4 Kb7 68. a6+ Ka7 69. Kc7 Be4 70. Be3+ Ka8 71. Bb5 Bd5 72.
Bd7 Be4 73. Bc8 Bd5 74. Bb7+ Bxb7 75. axb7# 1-0

[Event "Elit(Team Viking-Vasteras)"]
[Site "?"]
[Date "2013.11.24"]
[Round "3"]
[White "Akesson, Ralf"]
[Black "Berg, Emanuel"]
[Result "0-1"]
[WhiteElo "2489"]
[BlackElo "2593"]
[PlyCount "78"]

1. d4 Nf6 2. c4 g6 3. Nc3 Bg7 4. e4 d6 5. f3 O-O 6. Be3 c5 7. Nge2 Nc6 8. d5
Ne5 9. Ng3 h5 10. Be2 h4 11. Nf1 e6 12. Nd2 h3 13. g3 exd5 14. cxd5 b5 15. Nxb5
Rb8 16. O-O a6 17. Na3 Rxb2 18. Nac4 Nxc4 19. Nxc4 Rb8 20. Rb1 Rxb1 21. Qxb1
Qe7 22. Rd1 Bd7 23. Bf4 Ne8 24. Qb7 Qd8 25. Qxa6 Bd4+ 26. Kh1 f5 27. Nxd6 Nxd6
28. Qxd6 Rf6 29. Qc7 Qxc7 30. Bxc7 fxe4 31. f4 Rf8 32. Be5 Ra8 33. d6 Kf8 34.
Rd2 e3 35. Rc2 Bf5 36. Rc1 Rxa2 37. Bf3 Rf2 38. g4 Bd7 39. Ba8 e2 0-1

[Event "Elit(Team Viking-Vasteras)"]
[Site "?"]
[Date "2013.11.24"]
[Round "3"]
[White "Cramling, Pia"]
[Black "Eriksson, Anders"]
[Result "1-0"]
[WhiteElo "2501"]
[BlackElo "2344"]
[PlyCount "89"]

1. d4 Nf6 2. Nf3 e6 3. c4 Bb4+ 4. Nbd2 O-O 5. a3 Be7 6. e4 d5 7. e5 Nfd7 8. Bd3
c5 9. h4 f5 10. cxd5 exd5 11. O-O Nc6 12. Re1 Nxd4 13. Nxd4 cxd4 14. Nf3 Bxh4
15. Qc2 Nb6 16. e6 g6 17. Nxh4 Qxh4 18. Bb5 Qe7 19. Bh6 Bxe6 20. Bxf8 Rxf8 21.
Qe2 Kf7 22. Qe5 Qf6 23. Qc7+ Qe7 24. Qh2 h5 25. Re2 Rd8 26. Rae1 Rd6 27. Qe5 a6
28. Bd3 Nd7 29. Qxd4 Nf8 30. Rc2 Qf6 31. Rc7+ Rd7 32. Qb6 Rxc7 33. Qxc7+ Qe7
34. Rc1 b5 35. Qb6 Qg5 36. Rc7+ Nd7 37. Qxa6 f4 38. Qd6 Qg4 39. f3 Qg3 40.
Rxd7+ Bxd7 41. Qxd7+ Kf6 42. Qd6+ Kf7 43. Qxd5+ Kf6 44. Qd4+ Kg5 45. Qf2 1-0

[Event "Elit(Team Viking-Vasteras)"]
[Site "?"]
[Date "2013.11.24"]
[Round "3"]
[White "Lindberg, Bo"]
[Black "Sjodahl, Pontus"]
[Result "1/2-1/2"]
[WhiteElo "2495"]
[BlackElo "2478"]
[PlyCount "143"]

1. d4 e6 2. c4 Nf6 3. Nf3 d5 4. Nc3 Bb4 5. cxd5 exd5 6. Bg5 Nbd7 7. e3 c5 8.
Be2 Qa5 9. O-O c4 10. Qc2 O-O 11. Ne5 Re8 12. Nxd7 Nxd7 13. Bf3 Nb6 14. a3 Bxc3
15. Qxc3 Qxc3 16. bxc3 Bd7 17. Rfb1 Bc6 18. Bd1 Nc8 19. Bf4 f6 20. a4 a5 21.
Bc2 g6 22. g4 Kf7 23. h4 Ke6 24. f3 Kd7 25. Kf2 Ra6 26. e4 dxe4 27. fxe4 Rxe4
28. Bxe4 Bxe4 29. Rb5 Bc6 30. Rc5 Nb6 31. d5 Nxd5 32. Rd1 Ke6 33. Rxc4 Rb6 34.
Be3 Rb2+ 35. Rd2 Rxd2+ 36. Bxd2 Nb6 37. Rc5 Nxa4 38. Rxa5 Nb6 39. Be3 Nd5 40.
Bd4 Ne7 41. Ra8 Kf7 42. Rd8 h5 43. Rd6 hxg4 44. Rxf6+ Kg8 45. c4 g3+ 46. Kg1
Nf5 47. Rxg6+ Kh7 48. Rg4 Kh6 49. Be5 g2 50. Bf4+ Kh7 51. Rg5 Be4 52. Kf2 Kh8
53. Be3 Kh7 54. c5 Kh8 55. Bc1 Kh7 56. Bf4 Kh8 57. Bd2 Kh7 58. h5 Kh8 59. Rg4
Bc6 60. Rf4 Ng3 61. Bc3+ Kh7 62. Rf7+ Kh6 63. Bd4 Ne4+ 64. Kg1 Kxh5 65. Rh7+
Kg4 66. Rg7+ Kf5 67. Rxg2 Ng5 68. Rf2+ Ke4 69. Bg7 Nh3+ 70. Kg2 Ke3+ 71. Kxh3
Kxf2 72. Kg4 1/2-1/2

[Event "Elit(Team Viking-Vasteras)"]
[Site "?"]
[Date "2013.11.24"]
[Round "3"]
[White "Norberg, Johan"]
[Black "Westerberg, Jonathan"]
[Result "1/2-1/2"]
[WhiteElo "2350"]
[BlackElo "2463"]
[PlyCount "137"]

1. e4 e5 2. Nf3 Nc6 3. Nc3 Nf6 4. a3 Be7 5. d4 exd4 6. Nxd4 O-O 7. Be2 d6 8.
O-O a6 9. Bf4 Nxd4 10. Qxd4 c5 11. Qe3 Re8 12. Rad1 Qb6 13. b4 Be6 14. bxc5
Qxc5 15. Qxc5 dxc5 16. e5 Nd7 17. Bf3 g5 18. Bg3 Ra7 19. Bd5 b5 20. f4 gxf4 21.
Rxf4 Nxe5 22. Re4 Ng6 23. Bxe6 fxe6 24. Rxe6 Kf7 25. Rc6 c4 26. a4 b4 27. Nd5
c3 28. a5 Bd8 29. Bf2 Rd7 30. Rxa6 b3 31. Ra7 Rxa7 32. Bxa7 bxc2 33. Rc1 Bxa5
34. Rxc2 Rc8 35. Bb6 Bxb6+ 36. Nxb6 Rc6 37. Nd5 Ke6 38. Nxc3 Nf4 39. Ne2 Nxe2+
40. Rxe2+ Kf6 41. Ra2 Rc7 42. Ra6+ Kg7 43. h3 Rb7 44. Kh2 Rc7 45. h4 Rd7 46.
Kh3 Rd3+ 47. g3 Rd7 48. h5 h6 49. Rg6+ Kh7 50. Kh4 Rd1 51. Ra6 Rd4+ 52. g4 Rd7
53. Re6 Kg7 54. Kg3 Rf7 55. Re5 Rc7 56. Kf4 Rb7 57. Re6 Rb4+ 58. Kf5 Rb5+ 59.
Re5 Rb7 60. Rd5 Ra7 61. Ke6 Ra6+ 62. Ke5 Ra7 63. Rd6 Re7+ 64. Re6 Ra7 65. Rg6+
Kh7 66. Rd6 Re7+ 67. Kf6 Rg7 68. Rd4 Rg5 69. Rd7+ 1/2-1/2

[Event "Elit(Team Viking-Vasteras)"]
[Site "?"]
[Date "2013.11.24"]
[Round "3"]
[White "Sagit, Rauan"]
[Black "Brustkern, Jurgen"]
[Result "1-0"]
[WhiteElo "2415"]
[BlackElo "2268"]
[PlyCount "81"]

1. e4 g6 2. d4 Bg7 3. Nf3 d6 4. h3 a6 5. Bc4 e6 6. Bb3 Ne7 7. c3 b6 8. h4 h6 9.
Qe2 Nd7 10. Nbd2 Bb7 11. Nf1 a5 12. Ng3 Ba6 13. Bc4 Qc8 14. O-O Bxc4 15. Qxc4
c6 16. Bf4 e5 17. dxe5 dxe5 18. Be3 O-O 19. Rad1 Qc7 20. Rd2 b5 21. Qb3 Nb6 22.
Bxb6 Qxb6 23. Rd7 Qc5 24. h5 a4 25. Qb4 Qxb4 26. cxb4 Bf6 27. Rfd1 Nc8 28. Rc7
Ra6 29. hxg6 fxg6 30. Rdd7 Re8 31. Nf1 h5 32. Ne3 Ne7 33. Rd6 Kf7 34. Nd5 cxd5
35. Rxa6 Rd8 36. Nd2 Bg5 37. exd5 Bxd2 38. d6 Bg5 39. dxe7 Bxe7 40. Raa7 Re8
41. Rcb7 1-0

[Event "Elit(Team Viking-Vasteras)"]
[Site "?"]
[Date "2013.11.24"]
[Round "3"]
[White "Orndahl, Markus"]
[Black "Vaarala, Eric"]
[Result "1-0"]
[WhiteElo "2261"]
[BlackElo "2362"]
[PlyCount "95"]

1. e4 e6 2. d4 d5 3. Nc3 dxe4 4. Nxe4 Nd7 5. Nf3 Ngf6 6. Bg5 Be7 7. Nxf6+ Bxf6
8. h4 h6 9. Be3 c5 10. c3 cxd4 11. Nxd4 a6 12. Bd3 Nb6 13. Qe2 Nd5 14. O-O-O
Qe7 15. Be4 Nxe3 16. Qxe3 O-O 17. Nf3 e5 18. Kb1 Re8 19. Rde1 Bd7 20. Reg1 Bc6
21. g4 Bxe4+ 22. Qxe4 g6 23. h5 g5 24. Rd1 Rad8 25. Nd2 Rd7 26. Nc4 Red8 27.
Kc2 Qe6 28. a3 b5 29. Ne3 a5 30. Rxd7 Rxd7 31. Rd1 Rxd1 32. Kxd1 Be7 33. Qa8+
Kh7 34. Qe4+ Kg8 35. Qa8+ Kh7 36. Qd5 Qf6 37. Ke2 b4 38. axb4 axb4 39. cxb4 Bd8
40. b5 Kg8 41. Qc6 Qe6 42. Qxe6 fxe6 43. Kd3 Kf7 44. Nc4 Bc7 45. b6 Bb8 46. Na5
Ke8 47. Nc6 Bd6 48. b7 1-0

[Event "Elit(Team Viking-Vasteras)"]
[Site "?"]
[Date "2013.11.24"]
[Round "3"]
[White "Cramling, Dan"]
[Black "Nilsson, Andre"]
[Result "1/2-1/2"]
[WhiteElo "2400"]
[BlackElo "2284"]
[PlyCount "113"]

1. d4 g6 2. c4 Bg7 3. e4 d6 4. Nc3 Nf6 5. Be2 O-O 6. Nf3 Na6 7. Be3 Ng4 8. Bg5
c5 9. d5 h6 10. Bf4 Nc7 11. h3 Ne5 12. Nxe5 dxe5 13. Be3 b6 14. Qd2 Kh7 15. g4
Ne8 16. h4 Nd6 17. h5 g5 18. f3 Bd7 19. O-O a6 20. Rfc1 Qc7 21. b3 Ra7 22. a3
a5 23. Rab1 Rfa8 24. Bd3 Qc8 25. Qe2 Rc7 26. Nd1 e6 27. Nc3 Kg8 28. dxe6 fxe6
29. Rc2 Bf8 30. Rd2 Nf7 31. Nb5 Rb7 32. Bc2 Be7 33. Rd3 Qe8 34. Rbd1 Kg7 35. a4
Bc6 36. Bc1 Bxb5 37. cxb5 Rd8 38. Rxd8 Bxd8 39. Bb2 Rd7 40. Bd3 Bc7 41. Bc4
Rxd1+ 42. Qxd1 Kf6 43. Qa1 Qd7 44. Bc3 Ke7 45. Kf1 Qd6 46. Ke2 Kd7 47. Qa2 Ke7
48. Qb2 Kd7 49. Bd2 Bd8 50. Be3 Bc7 51. Qc1 Bd8 52. Bd3 Bc7 53. Kd2 Bd8 54. Kc3
Bc7 55. Qg1 Bd8 56. Kc4 Bc7 57. Kc3 1/2-1/2

[Event "Elit(Orgryte-Rockaden,Sthlm)"]
[Site "?"]
[Date "2013.11.24"]
[Round "3"]
[White "Blomqvist, Erik"]
[Black "Frisk Kockum, Anton"]
[Result "1-0"]
[WhiteElo "2582"]
[BlackElo "2410"]
[PlyCount "79"]

1. Nf3 c5 2. e4 Nc6 3. d4 cxd4 4. Nxd4 g6 5. Nc3 Bg7 6. Be3 Nf6 7. Bc4 Qa5 8.
O-O O-O 9. Bb3 d6 10. Nd5 Re8 11. Nxf6+ Bxf6 12. c3 Bd7 13. Nxc6 Bxc6 14. Qf3
Rf8 15. Rfe1 Rad8 16. a4 Bg5 17. h4 Bxe3 18. Rxe3 Kg7 19. Bd5 e6 20. h5 h6 21.
Bxc6 bxc6 22. e5 dxe5 23. Qxc6 Qd5 24. Qc7 e4 25. Qxa7 Qxh5 26. Rxe4 Rd1+ 27.
Re1 Rd2 28. b4 Rd3 29. b5 Rc8 30. b6 Rc5 31. b7 Rg5 32. b8=Q Rxg2+ 33. Kxg2
Qh3+ 34. Kg1 Qg4+ 35. Qg3 Rxg3+ 36. fxg3 Qxg3+ 37. Kf1 Qh3+ 38. Ke2 Qg4+ 39.
Kd2 Qg2+ 40. Re2 1-0

[Event "Elit(Orgryte-Rockaden,Sthlm)"]
[Site "?"]
[Date "2013.11.24"]
[Round "3"]
[White "Tukhaev, Adam"]
[Black "Barkhagen, Jonas"]
[Result "1-0"]
[WhiteElo "2626"]
[BlackElo "2490"]
[PlyCount "103"]

1. e4 e6 2. d4 d5 3. e5 c5 4. c3 Qb6 5. Nf3 Bd7 6. Bd3 Bb5 7. dxc5 Bxc5 8. b4
Bxd3 9. Qxd3 Bf8 10. O-O Ne7 11. Be3 Qd8 12. Bc5 Nd7 13. Bd6 Nc6 14. Bxf8 Nxf8
15. b5 Na5 16. Nd4 Nd7 17. f4 Nc4 18. Nd2 Nc5 19. Qe2 Nxd2 20. Qxd2 g6 21. Qe3
Qb6 22. a4 Rc8 23. a5 Qd8 24. Rfc1 O-O 25. c4 f6 26. a6 b6 27. Rd1 fxe5 28.
fxe5 Qd7 29. cxd5 exd5 30. e6 Qd6 31. e7 Rfe8 32. Nc6 Rxc6 33. bxc6 Rxe7 34.
Qf3 Qxc6 35. Rxd5 Qe6 36. Rd8+ Re8 37. Ra8 Qe7 38. Qd5+ Kg7 39. Rxe8 Qxe8 40.
Rf1 Qe7 41. Qd4+ Kg8 42. h3 h5 43. Rf6 Kh7 44. Qf4 Kg7 45. Rd6 Kh7 46. Qg3 Qg7
47. Qe3 Qa1+ 48. Kh2 Qg7 49. Qf4 Qe7 50. Qd4 Qg7 51. Qxg7+ Kxg7 52. Rxb6 1-0

[Event "Elit(Orgryte-Rockaden,Sthlm)"]
[Site "?"]
[Date "2013.11.24"]
[Round "3"]
[White "Nielsen, Peter Heine"]
[Black "Gajic, Mladen"]
[Result "1-0"]
[WhiteElo "2699"]
[BlackElo "2289"]
[PlyCount "51"]

1. d4 d5 2. c4 c6 3. Nf3 Nf6 4. Nc3 e6 5. Bg5 h6 6. Bh4 dxc4 7. e4 g5 8. Bg3 b5
9. Be2 Bb7 10. Qc2 Nbd7 11. Rd1 Qb6 12. Ne5 h5 13. h4 g4 14. O-O Rg8 15. Nxf7
Kxf7 16. e5 c5 17. exf6 Nxf6 18. Be5 Qc6 19. f3 cxd4 20. Bxd4 Bc5 21. Kh1 Bxd4
22. Rxd4 a6 23. Rf4 Rg6 24. Ne4 Rh8 25. Nxf6 e5 26. Nxg4+ 1-0

[Event "Elit(Orgryte-Rockaden,Sthlm)"]
[Site "?"]
[Date "2013.11.24"]
[Round "3"]
[White "Ziegler, Ari"]
[Black "Bator, Robert"]
[Result "0-1"]
[WhiteElo "2364"]
[BlackElo "2457"]
[PlyCount "98"]

1. d4 d5 2. Nf3 c6 3. c4 a6 4. Bf4 dxc4 5. g3 Nf6 6. Bg2 b5 7. O-O Bb7 8. b3
cxb3 9. Qxb3 e6 10. a4 Be7 11. Rc1 O-O 12. Nbd2 Nd5 13. e4 Nxf4 14. gxf4 Nd7
15. Bh3 Rb8 16. Qe3 Kh8 17. Nb3 f5 18. exf5 exf5 19. Nc5 Nxc5 20. dxc5 Bf6 21.
Ne5 Bxe5 22. fxe5 f4 23. Qe4 Qg5+ 24. Kh1 Rbe8 25. e6 Qh5 26. Ra3 f3 27. Bg4
Qg5 28. Rg1 Qxc5 29. Re3 Qe7 30. Bh5 Rd8 31. Bf7 Rd5 32. Qg4 g6 33. Qf4 Rf5 34.
Qd4+ Rf6 35. Rg5 Kg7 36. h4 Rd8 37. Qa1 c5 38. axb5 axb5 39. Qe5 Rd4 40. Qb8
Rxh4+ 41. Kg1 Rxf7 42. Qe5+ Rf6 43. Qxc5 Rg4+ 44. Kf1 Qxc5 45. Rxc5 Be4 46.
Rc7+ Kh6 47. e7 Re6 48. Ra7 Rh4 49. Ke1 Rh5 0-1

[Event "Elit(Orgryte-Rockaden,Sthlm)"]
[Site "?"]
[Date "2013.11.24"]
[Round "3"]
[White "Hermansson, Emil"]
[Black "Fransson, Patrick"]
[Result "1-0"]
[WhiteElo "2472"]
[BlackElo "2205"]
[PlyCount "57"]

1. e4 c6 2. d4 d5 3. e5 c5 4. dxc5 e6 5. a3 Bxc5 6. b4 Be7 7. Qg4 g6 8. Bd3 a5
9. b5 Nd7 10. Nf3 Nc5 11. O-O Nxd3 12. cxd3 h5 13. Qf4 Nh6 14. a4 Nf5 15. Ba3
O-O 16. d4 Bd7 17. Nc3 Bxa3 18. Rxa3 Qe7 19. Raa1 Rac8 20. Nd1 Kg7 21. Ne3 Rc3
22. h3 Rfc8 23. g4 hxg4 24. hxg4 Nh6 25. Kg2 Ng8 26. Rh1 Be8 27. Ng5 Kf8 28.
Nh7+ Kg7 29. Nf6 1-0

[Event "Elit(Orgryte-Rockaden,Sthlm)"]
[Site "?"]
[Date "2013.11.24"]
[Round "3"]
[White "Kumar, Rahul"]
[Black "Kenneskog, Theodor"]
[Result "0-1"]
[WhiteElo "2277"]
[BlackElo "2355"]
[PlyCount "70"]

1. Nf3 Nf6 2. g3 g6 3. Bg2 Bg7 4. O-O O-O 5. d3 d5 6. Nbd2 c5 7. c3 Nc6 8. e4
e5 9. Re1 h6 10. Qb3 dxe4 11. dxe4 Qc7 12. Qa3 b6 13. b4 Be6 14. bxc5 Nd7 15.
cxb6 axb6 16. Qb2 Ra4 17. Bf1 Rfa8 18. Nb3 Na5 19. Nfd2 Nxb3 20. Nxb3 Qa7 21.
a3 Bf8 22. Qc2 Qc7 23. Bb5 R4a7 24. c4 Nc5 25. Nxc5 Bxc5 26. a4 Bd4 27. Ra3 Rc8
28. Bxh6 Bxc4 29. Rc1 Bxb5 30. Qb1 Bc6 31. Rf3 Rxa4 32. Qb3 Ra1 33. Rxa1 Bxa1
34. Rf6 Bxe4 35. Qe3 Qd8 0-1

[Event "Elit(Orgryte-Rockaden,Sthlm)"]
[Site "?"]
[Date "2013.11.24"]
[Round "3"]
[White "Hedman, Erik"]
[Black "Arnelind, Mikael"]
[Result "1-0"]
[WhiteElo "2444"]
[BlackElo "2201"]
[PlyCount "131"]

1. d4 Nf6 2. c4 e6 3. Nc3 Bb4 4. e3 O-O 5. Nge2 d5 6. a3 Be7 7. cxd5 exd5 8. b4
Bf5 9. Ng3 Bg6 10. f4 Ne4 11. Ncxe4 Bxe4 12. Nxe4 dxe4 13. Bc4 Bh4+ 14. g3 Bf6
15. Qc2 Re8 16. O-O Qd6 17. Qb3 Qd7 18. a4 Nc6 19. Bd2 h5 20. b5 Nd8 21. f5 h4
22. Rf2 c5 23. bxc6 Nxc6 24. Rb1 Re7 25. Kg2 Rc8 26. Be1 Bg5 27. Bd5 Rd8 28.
Bc4 Rc8 29. Bb5 a6 30. Bc4 Kh8 31. Bd5 Rd8 32. Bc4 Rc8 33. g4 Kh7 34. Rfb2 Rc7
35. Bd5 Re8 36. Rc2 Rd8 37. Rc5 Re8 38. Rb2 Be7 39. Rcc2 Bg5 40. Rc5 Be7 41.
Rc1 Bg5 42. Rbc2 Kg8 43. Rc5 Rcc8 44. R1c2 Rb8 45. Bf2 Qe7 46. h3 Rf8 47. Bg1
Rbd8 48. Qb6 Rxd5 49. Rxd5 Nb4 50. Re5 Qxe5 51. dxe5 Nxc2 52. Qxb7 Nxe3+ 53.
Bxe3 Bxe3 54. Qxe4 Bg5 55. Qc6 a5 56. Qd5 Rd8 57. Qxa5 Rd2+ 58. Kf1 Rd3 59. Qb5
Rxh3 60. Qe8+ Kh7 61. e6 Rf3+ 62. Ke2 Re3+ 63. Kf2 h3 64. exf7 h2 65. f8=N+ Kg8
66. Ne6+ 1-0

[Event "Elit(Orgryte-Rockaden,Sthlm)"]
[Site "?"]
[Date "2013.11.24"]
[Round "3"]
[White "Fransson, Percy"]
[Black "Engqvist, Thomas"]
[Result "0-1"]
[WhiteElo "2220"]
[BlackElo "2424"]
[PlyCount "94"]

1. e4 c6 2. d4 d5 3. e5 Bf5 4. Bd3 Bxd3 5. Qxd3 e6 6. Ne2 Qa5+ 7. c3 Qa6 8. Qf3
c5 9. O-O Ne7 10. Nd2 Nbc6 11. Nb3 cxd4 12. cxd4 Nf5 13. Be3 Be7 14. Nc3 Nh4
15. Qh3 Qd3 16. Rfd1 Qf5 17. Qxf5 Nxf5 18. g4 Nxe3 19. fxe3 h5 20. gxh5 Rxh5
21. Rf1 Rh3 22. Rae1 Bg5 23. e4 dxe4 24. Nb5 Ke7 25. Nd6 f5 26. Rxe4 Be3+ 27.
Rxe3 Rxe3 28. Rxf5 Re1+ 29. Kf2 exf5 30. Kxe1 g6 31. Kf2 Rh8 32. Kg3 Ke6 33.
Nxb7 Kd5 34. Nd6 Nxd4 35. Nxd4 Kxd4 36. e6 Kd5 37. Nf7 Rb8 38. e7 Re8 39. Kf3
Rxe7 40. Ng5 Rc7 41. Nh3 Ke5 42. Nf2 g5 43. h3 Rc2 44. Nd1 f4 45. a4 a5 46. Nf2
Kf5 47. Nd3 Rd2 0-1